ბათუმის შოთა რუსთაველის სახელმწიფო უნივერსიტეტის ბიბლიოთეკა

სამრეწველო და სოფლის მეურნეობის შხამების ტოქსიკოლოგია და ჰიგიენა (ბიბ.ჩანაწერი № 45060)

000 -LEADER
fixed length control field 00896nam a2200217Ia 4500
001 - CONTROL NUMBER
control field 11883
003 - CONTROL NUMBER IDENTIFIER
control field GE_BSU
008 - FIXED-LENGTH DATA ELEMENTS--GENERAL INFORMATION
fixed length control field 181216s||||||||xx |||||||||||||| ||und||
040 ## - CATALOGING SOURCE
Transcribing agency GE_BSU
080 ## - UNIVERSAL DECIMAL CLASSIFICATION NUMBER
Universal Decimal Classification number 615.9
100 ## - MAIN ENTRY--PERSONAL NAME
Personal name ვაშაკიძე ვ.
245 ## - TITLE STATEMENT
Title სამრეწველო და სოფლის მეურნეობის შხამების ტოქსიკოლოგია და ჰიგიენა
245 ## - TITLE STATEMENT
Statement of responsibility, etc. რედ: მ. ყურაშვილი
260 ## - PUBLICATION, DISTRIBUTION, ETC.
Place of publication, distribution, etc. თბილისი
260 ## - PUBLICATION, DISTRIBUTION, ETC.
Name of publisher, distributor, etc. მეცნიერება
260 ## - PUBLICATION, DISTRIBUTION, ETC.
Date of publication, distribution, etc. 1989
300 ## - PHYSICAL DESCRIPTION
Extent 183გვ.21სმ.
300 ## - PHYSICAL DESCRIPTION
Accompanying material დანართი გვ.179
653 ## - INDEX TERM--UNCONTROLLED
Uncontrolled term სამრეწველო და სოფლის მეურნეობის შხამების ტოქსიკოლოგია და ჰიგიენა
942 ## - ADDED ENTRY ELEMENTS (KOHA)
Koha item type წიგნი
ეგზემპლარები
Withdrawn status Lost status Damaged status Not for loan Date acquired Barcode Date last seen Price effective from Koha item type
        2018-12-17 20386 2018-12-17 2018-12-17 წიგნი